| 000 | 00751nam a22002177a 4500 | ||
|---|---|---|---|
| 005 | 20140925114813.0 | ||
| 010 | _aENG-110917 | ||
| 020 |
_a9788192958279 _c625.00 |
||
| 035 | _aEN-94449 | ||
| 037 | _bDBAD/PUB | ||
| 082 | _a954.09 | ||
| 100 | _aVijay Kumar 'Piyush' | ||
| 245 |
_aHistory of modern India / _cby Vijay Kumar 'Piyush', Mithilesh Kumar Singh [and] Rajneesh Kumar Sinha |
||
| 260 |
_aNew Delhi _bGyan Geeta Prakashan _c2014 |
||
| 270 |
_aF-7, Gali no. 1, Panchsheel Garden Ext. Naveen Shahdara _bNew Delhi _e110032 |
||
| 300 |
_a320p. _c23cm(Hb) |
||
| 500 | _aIncludes bibliographical references and index | ||
| 700 | _aMithilesh Kumar Singh | ||
| 700 | _aSinha, Rajneesh Kumar | ||
| 942 |
_2ddc _cEN _mVIJ _h954.09 |
||
| 999 |
_c88838 _d88838 |
||